| 000 | 00483nam a2200169Ia 4500 | ||
|---|---|---|---|
| 008 | 230718s9999 xx 000 0 und d | ||
| 020 | _a9789354600357 | ||
| 041 | _aeng | ||
| 082 |
_a342.54 _bLAX |
||
| 100 | _aLaxmikanth M. | ||
| 245 |
_aIndian Polity _bFor Civil Services And Other State Examinations |
||
| 250 | _a6th ed.RIV | ||
| 260 |
_c2022 _bMcGraw Hill |
||
| 365 |
_cRs. _b995.00 |
||
| 700 | _aLaxmikanth M. | ||
| 906 |
_dO:0773723-Dec-2022B:14415-Dec-2022 _cGENRL _b248.75 |
||
| 999 |
_c353160 _d353160 |
||